• 首页
  • 本馆介绍
  • 公告通知
  • 最新文献
  • 馆藏检索
  • 电子资源
  • 读者导购
  • 参考咨询
  • 我的图书馆
  • 登录
  • 详细信息显示
  • 放入我的书架
  • 预约/预借图书
  • 作者相关作品
  • 分类相关作品
  • 丛书相关作品
  • 出版社相关作品

书目信息

  • 表格格式
  • 工作单格式
  • 卡片格式
题名:
声乐
    
 
作者: 肖黎声 主编
分册: 2  
出版信息: 上海   上海音乐出版社  2013
页数: 327页
开本: 31cm
丛书名:
单 册:
中图分类: J616 , J652.3
科图分类:
主题词: 声乐--高等学校--教材 , 练声曲--世界--选集
电子资源:
ISBN: 978-7-80751-075-8
000 00928nam0 2200277 450
001 339748
005 20150608154840.64
010    @a978-7-80751-075-8@dCNY60.00
100    @a20081121d2008 em y0chiy50 ea
101 0  @achi
102    @aCN@b310000
105    @ag z 000yy
106    @ar
200 1  @a声乐@Asheng yue@h2@e必修曲集@f肖黎声主编
210    @a上海@c上海音乐出版社@d2013
215    @a327页@d31cm
300    @a全国普通高等学校音乐学(教师教育)本科专业教材
304    @a教育部艺术教育委员会组织编写
330    @a本书是《声乐》系列教材的必修曲目部分, 供必修课的教学选用, 收录了《塔里木》、《夕阳红》、《假如你爱我》、《思乡》、《珠穆朗玛》、《小夜曲》、《菩提树》等中外作品。
606 0  @a声乐@x高等学校@j教材
606 0  @a练声曲@y世界@j选集
690    @aJ616@v5
690    @aJ652.3@v5
701  0 @a肖黎声@Axiao li sheng@f(1945.9)@4主编
801  0 @aCN@b卓展宏图@c20150525
905    @dJ616@e659:2@f3
    
    声乐.2:必修曲集/肖黎声主编.-上海:上海音乐出版社,2013
    327页;31cm
    全国普通高等学校音乐学(教师教育)本科专业教材
    
    ISBN 978-7-80751-075-8:CNY60.00
    本书是《声乐》系列教材的必修曲目部分, 供必修课的教学选用, 收录了《塔里木》、《夕阳红》、《假如你爱我》、《思乡》、《珠穆朗玛》、《小夜曲》、《菩提树》等中外作品。
●
相关链接 在E读中查询图书 在五车中查询图书 在当当中查询图书 在豆瓣中查询图书


正题名:声乐     索取号:J616/659:2         预约/预借

序号 登录号 条形码 馆藏地/架位号 状态 备注
1 863899   208638991   第一样本阅览室/ [索取号:J616/659:2] 在馆    
2 863900   208639008   第一借阅区/ [索取号:J616/659:2] 在馆    
3 863901   208639017   密集书库-音乐系/ [索取号:J616/659:2] 在馆    
唐山师范学院图书馆 欢迎您!
大连网信软件有限公司© 版权所有